000 00936nam a22002897a 4500
003 CHAP
005 20220817041534.0
008 971013s1989 r 00010 d
010 _a17444
011 _a18416
035 _a22501
040 _cCHAP
082 _a333.063
_bF3
110 _aFAO
245 _aDirectrices sobre los indicadores socioeconómicos para el seguimiento y evaluación de la reforma agraria y el desarrollo rural
260 _aRoma :
_bFAO,
_c1989
300 _a63 p.
590 _aBATCH-UPD
_b10
_c20130109
_lUCH01
_h2353
590 _aBATCH-UPD
_b10
_c20130110
_lUCH01
_h0955
590 _aCONVERSION
_b10
_c20130109
_lUCH01
_h1311
650 1 4 _aDesarrollo rural.
_932067
650 1 4 _aReforma agraria
_xCongresos.
_995537
711 0 _aConferencia Mundial sobre Reforma Agraria y Desarrollo Rural.
_926563
901 _aBK
942 _cLIBRO
949 _a333.063 F3
_bBC
_cFAO
_d-61660
_eFAO1
_h87211
_i22501
_si
999 _c17444
_d17444